Welcome to the Holygrace Academy Library

Please use search bar below to get started

BIG BOOK OF FACTS (Record no. 1976)

MARC details
000 -LEADER
fixed length control field 00302nam a22001217a 4500
020 ## - INTERNATIONAL STANDARD BOOK NUMBER
ISBN 81-286-0757-X
082 ## - DEWEY DECIMAL CLASSIFICATION NUMBER
Classification number 001
Item number DIS/B
100 ## - MAIN ENTRY--AUTHOR NAME
Personal name DISNEY
245 ## - TITLE STATEMENT
Title BIG BOOK OF FACTS
Remainder of title HISTORY OF THE WORLD
260 ## - PUBLICATION, DISTRIBUTION, ETC. (IMPRINT)
Place of publication EUROKIDS INTERNATIONAL
Name of publisher MUMBAI
Year of publication 2005
650 ## - SUBJECT ADDED ENTRY--TOPICAL TERM
Topical Term GENERAL KNOWLEDGE
Geographic subdivision INDIA
942 ## - ADDED ENTRY ELEMENTS (KOHA)
Koha item type Books
Holdings
Withdrawn status Lost status Collection code Home library Current library Shelving location Date acquired Source of acquisition Cost, normal purchase price Full call number Accession Number Koha item type
    Reference Main Library Main Library SHELF 1-D ENCYCLOPEDIAS G K REFERENCE 10/10/2006 purchase 495.00 001 DIS/B 01632 Books